00420nam a2200121Ia 4500008004100000245005900041245003500100260000900135650001400144856004800158999001900206952007300225171211s9999 xx 000 0 und d aGlobal Tax Governance: What's Wrong, and How to Fix It cPeter Dietsch and Thomas Rixen c2016 xECONOMICS uhttp://down.ebook777.com/062/1785521268.pdf c349612d349612 001040aCLbCLd2017-12-11l0r2017-12-11 00:00:00w2017-12-11yCBE